000 00394nam a22001337a 4500
005 20260122104507.0
008 260122b |||||||| |||| 00| 0 eng d
020 _a9780256153026
050 _aHG173 .SHE
100 _aShetty Anand G.
245 _aFInance:
_bAn Integrated Global Approach/
_cAnand G. Shetty, Francis J. McGrath
260 _aBoston
_bAusten Press/Irwin
_c1995
942 _2lcc
_cBK
_n0
999 _c8619
_d8619